Zvukové nahrávky
Uloženo v:
LEADER 02039njm a2200457 a 4500
001 000404853
003 CZ BrMZK
005 20040624142601.0
008 010907s1994 xr f cze d
028 0 3 |a 11 2252-4 631  |b Supraphon 
040 |a BOA001  |b cze 
080 |a 782.1(086.7)  |2 MRF 
100 1 |a Dvořák, Antonín,  |d 1841-1904  |7 jn19981000826  |4 cmp 
245 1 0 |a Rusalka :  |b highlights from the opera in 3 acts, op. 114  |h [zvukový záznam] /  |c Antonín Dvořák ; libreto Jaroslav Kvapil. 
260 |a Praha :  |b Supraphon,  |c p1985, c1994 
300 |a 1 MC :  |b stereo, Dolby systém +  |e 1 slož. list. 
306 |a 010026 
490 1 |a Highlights 
500 |a Nahr. 1983 
500 |a Durata 60:26 
511 0 |a Gabriela Beňačková, zpěv; Wiesłav Ochman, zpěv; Drahomíra Drobková, zpěv...[et al.]. Pražský filharmonický sbor, sbm. Lubomír Mátl; Česká filharmonie, dir. Václav Neumann. 
653 0 |a operní sborové scény  |a operní árie 
700 1 |a Soukupová, Věra,  |d 1932-  |7 jn20000710570  |4 prf 
700 1 |a Šounová-Brouková, Daniela,  |d 1943-  |7 xx0024238  |4 prf 
700 1 |a Barová, Anna,  |d 1932-2015  |7 jn19981228032  |4 prf 
700 1 |a Beňačková-Čápová, Gabriela,  |d 1947-  |7 jn99240000074  |4 prf 
700 1 |a Drobková, Drahomíra,  |d 1935-  |7 ola200200566  |4 prf 
700 1 |a Jonášová, Jana,  |d 1943-  |7 jn19990209327  |4 prf 
700 1 |a Kvapil, Jaroslav,  |d 1868-1950  |7 jk01071151  |4 lbt 
700 1 |a Mátl, Lubomír,  |d 1941-2020  |7 jn19990209537  |4 cnd 
700 1 |a Neumann, Václav,  |d 1920-1995  |7 jn19990209586  |4 cnd 
700 1 |a Novák, Richard,  |d 1931-  |7 jn19990209599  |4 prf 
700 1 |a Ochman, Wiesław,  |d 1937-  |7 mzk2003188017  |4 prf 
710 2 |a Česká filharmonie  |7 kn20010710169  |4 prf 
710 2 |a Český pěvecký sbor  |7 mzk2004214196 
830 0 |a Highlights (Supraphon) 
910 |a BOA001  |b KZ-0002.779 
964 |a Opery  |x árie  |x MC 
964 |a Opery  |x scény sborové  |x MC 
990 |a AV 
996 6 |b 261H002812  |c KZ-0002.779  |l MZK  |r Sklad / do 24 hodin  |n 0  |w 000404853  |u 000010  |a 1  |e BOA001  |j MZK50  |s P